| 000 | 00559nam a2200181 a 4500 | ||
|---|---|---|---|
| 008 | 120416s1969 ||||||||||||||||| || u | ||
| 050 | _aHF 5718 Des | ||
| 100 | _aGolstein, E.J | ||
| 245 | 1 | 0 | _aEnglish in business |
| 246 | _abook 1 | ||
| 260 |
_aLondon _bLongman _c1969 |
||
| 300 | _avi, 208p. : ill | ||
| 350 | _a0.00 | ||
| 650 | _aBUSINESS--ENGLISH | ||
| 650 | 0 | _aBUSINESS | |
| 700 | _ade Schiffrin, R.S | ||
| 995 |
_D0.00 _FCBU-MAIN LIBRARY (Kitwe) _H1 _I9.75 _UDAMAGED _ZMain Library Open Access Collection |
||
| 999 |
_c42036 _d42036 |
||